Writing matters : (رقم التسجيلة. 14310)

تفاصيل مارك
000 -الفاتح
حقل البيانات ثابتة الطول 01069cam a22002894a 4500
001 - رقم الضبط
رقم الضبط 15741437
003 - محدد رقم الضبط
رقم الضبط OSt
005 - وقت وتاريخ اخر تعامل مع التسجيلة
رقم الضبط 20150408113918.0
008 - عناصر البيانات ثابتة الطول - معلومات عامة
حقل البيانات ثابتة الطول 090518s2010 nyua b 001 0 eng
010 ## - رقم ضبط مكتبة الكونجرس
رقم ضبط مكتبة الكونجرس 2009019989
020 ## - الرقم الدولى المعيارى للكتب
الرقم الدولى المعيارى للكتاب 9780072418750 (acidfree)
020 ## - الرقم الدولى المعيارى للكتب
الرقم الدولى المعيارى للكتاب 0072418753 (acidfree)
040 ## - مصدر الفهرسة
وكالة الفهرسة الأصلية DLC
وكالة النسخ DLC
وكالة التعديل DLC
050 00 - رقم طلب مكتبة الكونجرس
رقم التصنيف PE1408
رقم المادة .H68524 2010
082 00 - رقم تصنيف ديوى العشرى
رقم التصنيف 808.042
رقم الطبعة 22
رقم المادة HRW
100 1# - المدخل الرئيسى - إسم شخصى
الإسم الشخصى Howard, Rebecca Moore.
9 (RLIN) 4186
245 10 - بيان العنوان
العنوان Writing matters :
بقية العنوان a handbook for writing and research /
بيان المسئوليه,etc Rebecca Moore Howard.
250 ## - بيان الطبعة
بيان الطبعة 1st ed.
260 ## - PUBLICATION, DISTRIBUTION, ETC. (IMPRINT)
مكان الناشر او الموزع New York, NY :
اسم الناشر او الموزع McGraw-Hill,
تاريخ النشر أو التوزيع c2010.
300 ## - الوصف المادى
التعداد xxx, 867 p. :
تفاصيل ماديه اخرى للوعاء col. ill. ;
أبعاد الوعاء 20 cm.
504 ## - تبصرة ببليوجرافية
تبصرة ببليوجرافية,الخ Includes bibliographical references and indexes.
650 #0 - المدخل الاضافى بالموضوع-مصطلح موضوعى
مصطلح موضوعي أو اسم جغرافي كعنصر مدخل English language
التقسيم الفرعي الشكلي Rhetoric
-- Handbooks, manuals, etc.
9 (RLIN) 4071
650 #0 - المدخل الاضافى بالموضوع-مصطلح موضوعى
مصطلح موضوعي أو اسم جغرافي كعنصر مدخل Academic writing
التقسيم الفرعي الشكلي Handbooks, manuals, etc.
9 (RLIN) 4072
906 ## - عنصر بيانات محلى F, LDF (RLIN)
a 7
b cbc
c orignew
d 1
e ecip
f 20
g y-gencatlg
942 ## - عناصر المدخل الإضافي( كوها)
مصدر التصنيف او مخطط الترفيف Dewey Decimal Classification
Koha [default] item type DVD
المقتنيات
حالة الفقد نموذج السعر الفعال حالة تلف ليس للاعارة رقم الطلب تاريخ الاكتساب الموقع الحالي الباركود الفرع الرئيسي Date last seen نوع المادة فى نظام كوها مصدر التصنيف او خطة الترفيف Total Checkouts
  2013-03-10     808.042 HRW 2011-09-10 قسم الاجراءات الفنية (IC) 00101540 قسم الاجراءات الفنية (IC) 2013-03-10 كتاب Dewey Decimal Classification  
  2013-03-10     808.042 HRW 2011-09-10 كلية الشريعة والقانون - طلاب 00101541 كلية الشريعة والقانون - طلاب 2013-03-10 كتاب Dewey Decimal Classification